| 000 | 00698nam a2200169 a 4500 | ||
|---|---|---|---|
| 008 | 200622s2019 ||||||||||||||||| || u | ||
| 020 | _a9781107194946 | ||
| 050 | _aHB 72 Ng | ||
| 100 | _aNg, Yew-Kwang | ||
| 245 | 1 | 0 |
_aMarkets and morals justifying kidney sales and legalizing prostitution _cBy Yew-Kwang Ng |
| 260 |
_aCambridge _bCambridge University Press _c2019 |
||
| 300 | _ax, 209 pages: illustrations | ||
| 350 | _a128.30 | ||
| 650 | _aECONOMICS--MORALS AND ETHICAL ASPECTS | ||
| 650 | _aCAPITALISM--MORAL AND ETHICAL ASPECTS | ||
| 995 |
_FCBU-MAIN LIBRARY (Kitwe) _I128.30 _M1 _UAVAILABLE _WJun 25, 2020 _ZMain Library Open Access Collection |
||
| 999 |
_c50527 _d50527 |
||